000 00734nam a2200253 i 4500
001 C2-0241904
003 PPAK
005 20180727204112.0
008 020820s my |||| ||||| | eng d
040 _aPPAK
_beng
_cPPAK
_erda
082 0 4 _a899.233
_223
090 0 0 _a899.233
_bASA
_dKSI
100 0 _aA. Samad Ismail,
_eauthor
245 1 0 _aPatah sayap terbang jua
264 1 _aKuala Lumpur :
_bEnsign Book Store (M) sdn. bhd. ,
_c[date of publication not identified]
300 _a29 pages ;
_c19 cm
336 _2rdacontent
_atext
337 _2rdamedia
_aunmediated
338 _2rdacarrier
_avolume
490 1 _aSiri bimbingan sastera
650 1 0 _aMalay fiction
830 0 _aSiri bimbingan sastera
942 _ddc
_cB
999 _c56794
_d56794